Dark blood (Record no. 39380)

MARC details
000 -LEADER
fixed length control field 00678nam a2200205 a 4500
001 - CONTROL NUMBER
control field 17411883
008 - FIXED-LENGTH DATA ELEMENTS--GENERAL INFORMATION
fixed length control field 161019s2010 ||||||||||||||||| || u
010 ## - LIBRARY OF CONGRESS CONTROL NUMBER
LC control number 2012450686
020 ## - INTERNATIONAL STANDARD BOOK NUMBER
International Standard Book Number 9780007362547
050 ## - LIBRARY OF CONGRESS CALL NUMBER
Classification number PR 6113.A24D37
100 ## - MAIN ENTRY--PERSONAL NAME
Personal name Macbride, Stuart
245 10 - TITLE STATEMENT
Title Dark blood
Statement of responsibility, etc. Stuart MacBride.
250 ## - EDITION STATEMENT
Edition statement Paperback edition.
260 ## - PUBLICATION, DISTRIBUTION, ETC.
Place of publication, distribution, etc. London
Name of publisher, distributor, etc. Harper
Date of publication, distribution, etc. 2010
300 ## - PHYSICAL DESCRIPTION
Extent 487 p.
350 ## - PRICE (NR) (BK AM CF MU VM SE) [OBSOLETE]
Price 12.95
650 #0 - SUBJECT ADDED ENTRY--TOPICAL TERM
Topical term or geographic name entry element Police - Scotland - Aberdeen - Fiction
650 #0 - SUBJECT ADDED ENTRY--TOPICAL TERM
Topical term or geographic name entry element McRae, Logan (Fictitious character) - Fiction
995 ## - RECOMMENDATION 995 [LOCAL, UNIMARC FRANCE]
-- 12.95
-- CBU-MAIN LIBRARY (Kitwe)
-- 1
-- AVAILABLE
-- Oct 19, 2016
-- Fiction Collection
Holdings
Withdrawn status Lost status Source of classification or shelving scheme Damaged status Not for loan Home library Current library Shelving location Date acquired Total Checkouts Full call number Barcode Date last seen Price effective from Koha item type
          CBU-MAIN LIBRARY, KITWE. CBU-MAIN LIBRARY, KITWE.   11/30/2022   PR 6113.A24D37 746808 11/30/2022 11/30/2022 MONOGRAPH